| 000 | 004850000a22001570004500 | ||
|---|---|---|---|
| 003 | MACL | ||
| 005 | 20180307162907.0 | ||
| 008 | 180307b xxu||||| |||| 00| 0 eng d | ||
| 040 | _cmacl | ||
| 100 |
_a अग्रवाल, साधना _952420 |
||
| 245 | _aमदर टेरेसा | ||
| 260 |
_b भारत भारती प्रकाशन _c2003 |
||
| 350 | _a40 | ||
| 650 |
_a- चिल्ड्रन्स बुक, _968548 |
||
| 942 |
_cHIN _k741.642 _2ddc |
||
| 999 |
_c18825 _d18825 |
||